| 000 | 00841nam a2200277Ia 4500 | ||
|---|---|---|---|
| 003 | OSt | ||
| 005 | 20220925202159.0 | ||
| 006 | a|||||r|||| 00| 0 | ||
| 007 | ta | ||
| 008 | 220923b |||||||| |||| 00| 0 eng d | ||
| 020 |
_a9780321811790 _c8244.4799999999996 |
||
| 037 |
_bIN1015, 01/09/2014, R K Books _cGeneral Book |
||
| 040 |
_aRTL _cRTL _beng |
||
| 041 |
_2eng _aeng |
||
| 082 | _aH, N6;Q4 | ||
| 100 |
_aLUTGENS Frederick K. _9263360 |
||
| 245 | 0 | _aFoundations of earth science | |
| 250 | _a7th | ||
| 260 |
_aDelhi _bPearson _c2014 |
||
| 300 |
_axxv, 563p _ccm. |
||
| 500 | _aBibliography chapterwise | ||
| 650 | _aGeography | ||
| 700 |
_a TARBUCK Edward J. _9263361 |
||
| 942 |
_hH, N6;Q4 _cGB _2CC |
||
| 999 |
_c542691 _d542691 |
||